Hotline starter; teacher's book /

Guardado en:
Autor Principal: Hutchinson, Tom
Formato: Libro
Publicado: Oxford : Oxford University, 1991
Materias:
Etiquetas: Agregar Etiqueta
Sin Etiquetas, Sea el primero en etiquetar este registro!
LEADER 00591nam a22001935a 4500
001 CEM.cems016288
005 20100705170006.0
008 130507s1991##################000#0#####d
003 CEMS
082 0 4 |a 428.64 
100 1 |a Hutchinson, Tom 
245 1 0 |a Hotline starter; teacher's book /  |c Tom Hutchinson, 
260 |a Oxford :  |b Oxford University,  |c 1991 
300 |a 154 p. 
653 |a Ingles-textos 
653 |a Ingles 
653 |a Biblioteca agricu 
859 |a CEMS  |b BIB. CEMS - 11 de abril  |h 428.64  |i H974-6  |p 17542.94  |t Ej.1 
859 |a CEMS  |b BIB. CEMS - 11 de abril  |h 428.64  |i H974-6  |p 18037.94  |t Ej.2